<?xml version="1.0" encoding="UTF-8"?><?xml-stylesheet type="text/xsl" href="static/style.xsl"?><OAI-PMH xmlns="http://www.openarchives.org/OAI/2.0/" xmlns:xsi="http://www.w3.org/2001/XMLSchema-instance" xsi:schemaLocation="http://www.openarchives.org/OAI/2.0/ http://www.openarchives.org/OAI/2.0/OAI-PMH.xsd"><responseDate>2026-04-13T01:13:41Z</responseDate><request verb="GetRecord" identifier="oai:www.recercat.cat:2117/358882" metadataPrefix="marc">https://recercat.cat/oai/request</request><GetRecord><record><header><identifier>oai:recercat.cat:2117/358882</identifier><datestamp>2025-07-22T15:00:18Z</datestamp><setSpec>com_2072_1033</setSpec><setSpec>col_2072_452951</setSpec></header><metadata><record xmlns="http://www.loc.gov/MARC21/slim" xmlns:dcterms="http://purl.org/dc/terms/" xmlns:xsi="http://www.w3.org/2001/XMLSchema-instance" xmlns:doc="http://www.lyncode.com/xoai" xsi:schemaLocation="http://www.loc.gov/MARC21/slim http://www.loc.gov/standards/marcxml/schema/MARC21slim.xsd">
   <leader>00925njm 22002777a 4500</leader>
   <datafield ind2=" " ind1=" " tag="042">
      <subfield code="a">dc</subfield>
   </datafield>
   <datafield ind2=" " ind1=" " tag="720">
      <subfield code="a">El Boujarfaoui Aggoun, Elias</subfield>
      <subfield code="e">author</subfield>
   </datafield>
   <datafield ind2=" " ind1=" " tag="260">
      <subfield code="c">2021-09</subfield>
   </datafield>
   <datafield ind2=" " ind1=" " tag="520">
      <subfield code="a">Aquest projecte tracta sobre la degradació del colorant Blau Sirius BRR (direct blue-71) utilitzant el diòxid de titani com a catalitzador.&#xd;
La degradació o eliminació dels colorants de les aigües residuals tèxtils és un dels camps més estudiats actualment. Avui dia hi ha gran varietat d'estudis sobre aquest camp i un dels mètodes que destaca és la degradació amb l'ajuda de catalitzadors fotoinduïts.&#xd;
Un dels catalitzadors més estudiats és el diòxid de titani que és un fotocatalitzador, això vol dir que el catalitzador necessita absorbir llum per activar-se i poder accelerar la reacció.&#xd;
En aquest projecte s'estudiarà la cinètica de la degradació d'un colorant amb diòxid de titani, per entendre millor el seu funcionament. També cal observar les diferències entre el comportament de l'diòxid de titani quan es troba sota l'efecte de llum UV i quan no ho està.</subfield>
   </datafield>
   <datafield ind2=" " ind1=" " tag="520">
      <subfield code="a">Este proyecto trata sobre la degradación del colorante Azul Sirius BRR (direct blue-71) utilizando el dióxido de titanio como catalizador.&#xd;
La degradación o eliminación de los colorantes de las aguas residuales textiles es uno de los campos más estudiados actualmente. Hoy en día hay gran variedad de estudios sobre este campo y uno de los métodos que destaca es la degradación con la ayuda de catalizadores fotoinducidos.&#xd;
Uno de los catalizadores más estudiados es el dióxido de titanio que es un fotocatalizador, esto significa que el catalizador necesita absorber luz para activarse y poder acelerar la reacción.&#xd;
En este proyecto se estudiará la cinética de la degradación de un colorante con dióxido de titanio, para entender mejor su funcionamiento. También se observarán las diferencias entre el comportamiento del dióxido de titanio cuando se encuentra bajo el efecto de luz UV y cuando no lo está.</subfield>
   </datafield>
   <datafield ind2=" " ind1=" " tag="520">
      <subfield code="a">This project deals with the degradation of the Sirius Blue BRR (direct blue-71) dye using titanium dioxide as a catalyst.&#xd;
The degradation or elimination of colorants from textile wastewater is one of the most studied fields today. Today there are a great variety of studies in this field and one of the methods that stands out is degradation with the help of photoinduced catalysts.&#xd;
One of the most studied catalysts is titanium dioxide, which is a photocatalyst, this means that the catalyst needs to absorb light to activate and accelerate the reaction.&#xd;
In this project, the kinetics of degradation of a colorant with titanium dioxide will be studied to better understand its operation. The differences between the behavior of titanium dioxide when it is under the effect of UV light and when it is not will also be observed.</subfield>
   </datafield>
   <datafield tag="653" ind2=" " ind1=" ">
      <subfield code="a">Àrees temàtiques de la UPC::Enginyeria química::Indústries químiques::Colorants, pintures i vernissos</subfield>
   </datafield>
   <datafield tag="653" ind2=" " ind1=" ">
      <subfield code="a">Coloring matter</subfield>
   </datafield>
   <datafield tag="653" ind2=" " ind1=" ">
      <subfield code="a">Sewage -- Purification -- Color removal</subfield>
   </datafield>
   <datafield tag="653" ind2=" " ind1=" ">
      <subfield code="a">Titanium dioxide</subfield>
   </datafield>
   <datafield tag="653" ind2=" " ind1=" ">
      <subfield code="a">Catalysts</subfield>
   </datafield>
   <datafield tag="653" ind2=" " ind1=" ">
      <subfield code="a">Fotocatalizador</subfield>
   </datafield>
   <datafield tag="653" ind2=" " ind1=" ">
      <subfield code="a">Dióxido de titanio</subfield>
   </datafield>
   <datafield tag="653" ind2=" " ind1=" ">
      <subfield code="a">Catalizador</subfield>
   </datafield>
   <datafield tag="653" ind2=" " ind1=" ">
      <subfield code="a">Azul Sirius BRR</subfield>
   </datafield>
   <datafield tag="653" ind2=" " ind1=" ">
      <subfield code="a">Colorants</subfield>
   </datafield>
   <datafield tag="653" ind2=" " ind1=" ">
      <subfield code="a">Aigües residuals -- Depuració -- Decoloració</subfield>
   </datafield>
   <datafield tag="653" ind2=" " ind1=" ">
      <subfield code="a">Diòxid de titani</subfield>
   </datafield>
   <datafield tag="653" ind2=" " ind1=" ">
      <subfield code="a">Catalitzadors</subfield>
   </datafield>
   <datafield ind2="0" ind1="0" tag="245">
      <subfield code="a">Degradación de sistemas colorantes con catalizadores fotoinducidos</subfield>
   </datafield>
</record></metadata></record></GetRecord></OAI-PMH>